[Event "25th USA-ch"]
[Site "Mentor, OH USA"]
[Date "1977.10.02"]
[Round "8"]
[White "Christiansen, Larry Mark"]
[Black "Lein, Anatoly"]
[Result "0-1"]
[WhiteElo "2460"]
[BlackElo "2525"]
[EventDate "1977.09.25"]
[PlyCount "102"]

1.Nf3 Nf6 2.c4 e6 3.Nc3 d5 4.d4 Be7 5.Bg5 Ne4 6.Bxe7 Qxe7 7.e3 Nxc3 8.bxc3
c6 9.Qb3 O-O 10.cxd5 exd5 11.c4 Be6 12.c5 Rc8 13.Be2 Rc7 14.a4 Nd7 15.a5 
a6 16.O-O Bg4 17.Rfe1 Kh8 18.Ra4 Re8 19.Rb4 Nf8 20.Rb1 Bc8 21.Nd2 f5 22.
Bf1 g5 23.Re1 Qf6 24.Qd1 Rce7 25.Bd3 g4 26.Rb2 Qxd4 27.exd4 Rxe1+ 28.Qxe1 
Rxe1+ 29.Nf1 Kg7 30.Rb1 Rxb1 31.Bxb1 Kf6 32.Nd2 f4 33.f3 h5 34.Kf2 Ne6 35.
Nb3 Ng5 36.Nc1 Bf5 37.Bxf5 Kxf5 38.Ne2 h4 39.Ng1 Ne6 40.Ne2 h3 41.fxg4+ 
Kxg4 42.gxh3+ Kxh3 43.Kf3 Kxh2 44.Nxf4 Nxf4 45.Kxf4 Kg2 46.Ke5 Kf3 47.Kd6 
Ke4 48.Kc7 Kxd4 49.Kxb7 Kxc5 50.Kxa6 d4 51.Kb7 d3 0-1

[Event "25th USA-ch"]
[Site "Mentor, OH USA"]
[Date "1977.10.06"]
[Round "12"]
[White "Christiansen, Larry Mark"]
[Black "Ghizdavu, Dimitru"]
[Result "1-0"]
[WhiteElo "2460"]
[BlackElo "2410"]
[EventDate "1977.09.25"]
[PlyCount "80"]

1.e4 Nf6 2.e5 Nd5 3.d4 d6 4.Nf3 Bg4 5.Be2 c6 6.O-O Bxf3 7.Bxf3 dxe5 8.dxe5
e6 9.Qe2 Nd7 10.b3 Qc7 11.Bb2 g5 12.Nd2 Bg7 13.Rfe1 O-O-O 14.g3 h5 15.Nc4 
Kb8 16.a4 h4 17.Rad1 Rdg8 18.Nd6 hxg3 19.hxg3 g4 20.Bg2 Bf8 21.c4 Ne7 22.
Nxf7 Rh5 23.Qd2 Nb6 24.Nd6 Bh6 25.Qd4 Nbc8 26.Ba3 Nf5 27.Qe4 Qb6 28.c5 Qc7
29.b4 Nce7 30.b5 Nd5 31.bxc6 Qxc6 32.Nxf5 Rxf5 33.Qxf5 exf5 34.Bxd5 Qxa4 
35.Bxg8 Qxa3 36.e6 Bg5 37.e7 Bxe7 38.Rxe7 a5 39.Bd5 Qxc5 40.Rxb7+ Kc8 1-0